000 01204nkm a22002417a 4500
001 85802
005 20260422094333.0
007 kh boc
008 260415s19091911sp ||||| |||| |0| i|spa d
040 _aM-RABA
_bspa
_cM-RABA
245 0 1 _a[Monumento a los héroes de Puente Sampayo]
_h[Material gráfico]
260 _aPontevedra
_c, [1909-1911]
300 _a1 fotografía
_b: gelatino-bromuro de plata
_c: imagen 18 x 13 cm
_c; soporte secundario 25,5 x 20,5 cm
500 0 0 _aImagen que representa el boceto en arcilla del monumento a los héroes de Puente Sampayo del escultor Julio González Pola, situado en la Plaza de España de Pontevedra (Galicia) e inaugurado el 27 de agosto de1911.
500 0 0 _aLa imagen al gelatino-bromuro de plata presenta un espejo de plata bastante avanzado.
500 0 0 _aFechas tomadas de la realización del monumento.
600 1 7 _aGonzález Pola, Julio
_92471
651 7 _aPontevedra
_2embne
_975412
655 0 _aFotografías de monumentos
_9111580
852 _jFot-645
856 _uhttps://archivoybiblioteca.realacademiabellasartessanfernando.com/cgi-bin/koha/opac-retrieve-file.pl?id=42726b835ff2b6a596b804dc1cbeaf03
_yFot-645
942 _cFOTOGRAFÍA
_n0
999 _c85802
_d85802